Benefits of emotional intelligence to project management (Record no. 106935)

MARC details
000 -LEADER
fixed length control field 01072cam a22002175a 4500
001 - CONTROL NUMBER
control field L137919
008 - FIXED-LENGTH DATA ELEMENTS--GENERAL INFORMATION
fixed length control field 070508s2005 xxk f 100 0 eng d
035 ## - SYSTEM CONTROL NUMBER
System control number (Sirsi) u137919
041 0# - LANGUAGE CODE
Language code of text/sound track or separate title eng
100 1# - MAIN ENTRY--PERSONAL NAME
Personal name Sunindijo, Riza Yosia
245 00 - TITLE STATEMENT
Title Benefits of emotional intelligence to project management
Remainder of title a study of leadership and conflict resolutions style of project managers in Thailand
Medium [electronic resource]
260 ## - PUBLICATION, DISTRIBUTION, ETC.
Date of publication, distribution, etc. 2005
490 #0 - SERIES STATEMENT
Series statement COBRA
Volume/sequential designation 2005
520 ## - SUMMARY, ETC.
Summary, etc. Reports that project leaders displaying high emotional intelligence tend to use more open communication with their subordinates, and that emotional intelligence influences the conflict resolution style of project leaders.
651 #4 - SUBJECT ADDED ENTRY--GEOGRAPHIC NAME
Geographic name THAILAND
690 ## - LOCAL SUBJECT ADDED ENTRY--TOPICAL TERM (OCLC, RLIN)
Topical term or geographic name as entry element Project management
9 (RLIN) 6261
700 1# - ADDED ENTRY--PERSONAL NAME
Personal name Hadikusumo, Bonaventura H. W.
711 2# - ADDED ENTRY--MEETING NAME
Meeting name or jurisdiction name as entry element Construction and Building Research conference
Location of meeting University of Queensland, Brisbane
Date of meeting or treaty signing 4-5 July 2005
856 40 - ELECTRONIC LOCATION AND ACCESS
Uniform Resource Identifier <a href="https://www.rics.org/site/download_feed.aspx?fileID=2171&fileExtension=PDF">https://www.rics.org/site/download_feed.aspx?fileID=2171&fileExtension=PDF</a>
Public note View the item free of charge at www.rics.org...
942 ## - ADDED ENTRY ELEMENTS (KOHA)
Suppress in OPAC 0
Holdings
Withdrawn status Lost status Source of classification or shelving scheme Damaged status Not for loan Home library Current library Shelving location Date acquired Total Checkouts Full call number Barcode Date last seen Copy number Price effective from Koha item type
    Dewey Decimal Classification     Virtual Virtual Online 08/05/2007   ONLINE PUBLICATION 137919-2001 06/08/2019 1 06/08/2019 Book